[Event "Campeonato de Chile"]
[Site "SchemingMind.com"]
[Date "2012.08.03"]
[Round "-"]
[White "Olli Ylönen"]
[Black "marooned"]
[Result "0-1"]
[WhiteCountry "FIN"]
[BlackCountry "CHI"]
[WhiteElo "1841"]
[WhiteRD "55"]
[BlackElo "1951"]
[BlackRD "87"]
[GameID "315322"]

1. d4 Nf6 2. c4 e5 3. dxe5 Ng4 4. Nf3 Nc6 5. Bf4 Bb4+ 6. Nbd2 Qe7 7. a3 Ngxe5 8. Nxe5 Nxe5 9. e3 Bxd2+ 10. Qxd2 d6
11. Be2 O-O 12. O-O Ng6 13. Bg3 Bf5 14. Qc3 Rfe8 15. Rfd1 Be4 16. b4 b6 17. f3 Bb7 18. e4 Rad8 19. Kf2 f5 20. c5 dxc5
21. Rxd8 Rxd8 22. exf5 Nf8 23. bxc5 bxc5 24. Bc4+ Kh8 25. Be5 Nd7 26. Bxc7 Re8 27. g3 Nf6 28. Be6 Qxc7 29. Rc1 Bxf3 30. Kxf3 Qc6+
31. Ke2 Qg2+ 32. Ke1 Qg1+ 33. Ke2 Qxh2+ 34. Kf3 Rd8 35. Qb3 h6 36. Qc3 Rd2 37. Rf1 Qe2+
0-1

[Event "Campeonato de Chile"]
[Site "SchemingMind.com"]
[Date "2012.08.03"]
[Round "-"]
[White "marooned"]
[Black "Olli Ylönen"]
[Result "0-1"]
[WhiteCountry "CHI"]
[BlackCountry "FIN"]
[WhiteElo "1941"]
[WhiteRD "83"]
[BlackElo "1906"]
[BlackRD "55"]
[GameID "315323"]

1. d4 d5 2. c4 c6 3. Nc3 Nf6 4. Nf3 e6 5. Bg5 h6 6. Bh4 dxc4 7. e4 g5 8. Bg3 b5 9. a3 Bb7 10. Be2 Nbd7
11. Ne5 Be7 12. Nxd7 Qxd7 13. O-O c5 14. dxc5 Qxd1 15. Raxd1 Nxe4 16. Nxb5 O-O 17. Rd7 Nxg3 18. fxg3 Bxc5+ 19. Kh1 Bd5 20. Nc3 Rad8
21. Rxd8 Rxd8
0-1

[Event "Campeonato de Chile"]
[Site "SchemingMind.com"]
[Date "2012.08.03"]
[Round "-"]
[White "kubinet"]
[Black "marooned"]
[Result "0-1"]
[WhiteCountry "GER"]
[BlackCountry "CHI"]
[WhiteElo "1415"]
[WhiteRD "50"]
[BlackElo "1936"]
[BlackRD "85"]
[GameID "315440"]

1. e4 d6 2. d4 g6 3. f4 Bg7 4. Nc3 Nf6 5. Nf3 Nbd7 6. Be2 c5 7. dxc5 Nxc5 8. Bb5+ Bd7 9. Bxd7+ Qxd7 10. Qe2 O-O
11. O-O Qc6 12. Re1 Qb6 13. Kh1 Rac8 14. Nd5 Nxd5 15. c3 Nxc3 16. bxc3 Bxc3 17. Be3 Bxa1 18. Rxa1 Rc7 19. h3 Qa5 20. Bd4 Ne6
21. Bb2 Nxf4 22. Qe3 e5 23. Kh2 Rfc8 24. Nd2 Rc2
0-1

[Event "Campeonato de Chile"]
[Site "SchemingMind.com"]
[Date "2012.08.02"]
[Round "-"]
[White "kubinet"]
[Black "Olli Ylönen"]
[Result "1/2-1/2"]
[WhiteCountry "GER"]
[BlackCountry "FIN"]
[WhiteElo "1652"]
[WhiteRD "55"]
[BlackElo "1893"]
[BlackRD "56"]
[GameID "315441"]

1. e4 e5 2. Nf3 Nc6 3. Bb5 Nge7 4. O-O g6 5. d4 exd4 6. Nxd4 Bg7 7. Be3 O-O 8. Qd2 d5 9. exd5 Nxd4 10. Bxd4 Bxd4
11. Qxd4 Qxd5 12. Qxd5 Nxd5 13. c3 c6 14. Bc4 Be6 15. Nd2 b5 16. Bb3 c5 17. c4 bxc4 18. Bxc4 Rab8 19. b3 Nf4 20. Bxe6 Nxe6
21. Rac1 f5=
1/2-1/2

[Event "Campeonato de Chile"]
[Site "SchemingMind.com"]
[Date "2012.08.07"]
[Round "-"]
[White "marooned"]
[Black "kubinet"]
[Result "1-0"]
[WhiteCountry "CHI"]
[BlackCountry "GER"]
[WhiteElo "1986"]
[WhiteRD "100"]
[BlackElo "1319"]
[BlackRD "55"]
[GameID "315442"]

1. d4 Nf6 2. c4 e6 3. Nf3 b6 4. Nc3 Bb7 5. e3 d5 6. cxd5 exd5 7. Bd3 Be7 8. O-O O-O 9. a3 Nbd7 10. b4 Re8
11. Bb2 Rc8 12. Rc1 a6 13. Qe2 Ra8 14. Rc2 Rc8 15. Rfc1 h6 16. Bxa6 Bxa6 17. Qxa6 Nb8 18. Qe2 Bd6 19. Nb5 c6 20. Nxd6 Qxd6
21. Ne5 Nfd7 22. Nxd7 Nxd7 23. b5 c5 24. dxc5 Nxc5 25. Qg4 f6 26. a4 Ra8 27. Ra1 Re4 28. Qf3 Raxa4 29. Rd1 Ra2 30. Be5 Qxe5
31. Rxa2 Kh7 32. Rad2 Rb4 33. Rxd5 Qe6 34. Rd6 Qe4 35. Qxe4+ Nxe4 36. Rxb6 Nc3 37. Ra1 Rxb5 38. Rxb5 Nxb5 39. f4 Kg6 40. f5+ Kg5
41. Ra5 Nd6 42. Kf2 Kg4 43. h3+ Kg5 44. Kf3 Nc4 45. Ra7 g6 46. fxg6 Kxg6 47. g4
1-0

[Event "Campeonato de Chile"]
[Site "SchemingMind.com"]
[Date "2012.08.03"]
[Round "-"]
[White "Olli Ylönen"]
[Black "kubinet"]
[Result "1-0"]
[WhiteCountry "FIN"]
[BlackCountry "GER"]
[WhiteElo "1906"]
[WhiteRD "55"]
[BlackElo "1454"]
[BlackRD "44"]
[GameID "315443"]

1. e4 e5 2. Nf3 Nc6 3. d4 exd4 4. Nxd4 Bc5 5. Nxc6 Qf6 6. Qd2 Qxc6 7. Bd3 Nf6 8. O-O d6 9. b4 Bb6 10. a4 a6
11. Bb2 Be6 12. Bb5 axb5 13. axb5 Qxb5 14. Rxa8+ Ke7 15. Bxf6+ Kxf6 16. Rxh8 h6 17. Qc3+
1-0

[Event "Campeonato de Chile"]
[Site "SchemingMind.com"]
[Date "2012.08.06"]
[Round "-"]
[White "emvarela"]
[Black "marooned"]
[Result "0-1"]
[WhiteCountry "ARG"]
[BlackCountry "CHI"]
[WhiteElo "1759"]
[WhiteRD "49"]
[BlackElo "1961"]
[BlackRD "91"]
[GameID "315496"]

1. e4 d6 2. d4 g6 3. Nc3 Bg7 4. f4 Nf6 5. Nf3 O-O 6. Bd3 Nbd7 7. e5 Ng4 8. h3 Nh6 9. O-O c5 10. exd6 exd6
11. dxc5 Nxc5 12. Be3 Re8 13. Bxc5 dxc5 14. Qd2 Nf5 15. Bb5 Qxd2 16. Nxd2 Rd8 17. Nde4 a6 18. Bd3 Bd4+ 19. Kh2 b5 20. Ng3 Nxg3
21. Kxg3 c4 22. Be4 Rb8 23. Rad1 Be6 24. Bf3 b4 25. Na4 c3 26. b3 Be3 27. Rxd8+ Rxd8 28. Rd1 Bd2 29. Nc5 Bf5 30. Be4 Bxe4
31. Nxe4 Bxf4+ 32. Kxf4 Rxd1 33. Nc5 Rd2 34. Nxa6 Rxc2 35. Nxb4 Rxg2
0-1

[Event "Campeonato de Chile"]
[Site "SchemingMind.com"]
[Date "2012.08.09"]
[Round "-"]
[White "emvarela"]
[Black "Olli Ylönen"]
[Result "0-1"]
[WhiteCountry "ARG"]
[BlackCountry "FIN"]
[WhiteElo "1743"]
[WhiteRD "47"]
[BlackElo "1847"]
[BlackRD "53"]
[GameID "315497"]

1. e4 c5 2. Nf3 d6 3. d4 cxd4 4. Nxd4 Nf6 5. Nc3 g6 6. Be3 Bg7 7. f3 O-O 8. Qd2 Nc6 9. O-O-O Nxd4 10. Bxd4 Be6
11. g4 Qa5 12. a3 Rab8 13. h4 b5 14. g5 Nh5 15. Bh3 Bxh3 16. Rxh3 Bxd4 17. Qxd4 Nf4 18. Rh2 b4 19. axb4 Rxb4 20. Qe3 Ne6
21. Nb1 Nc5 22. Rd4 Rxd4 23. Qxd4 Rc8 24. Kd1 Qa1
0-1

[Event "Campeonato de Chile"]
[Site "SchemingMind.com"]
[Date "2012.08.08"]
[Round "-"]
[White "emvarela"]
[Black "kubinet"]
[Result "1-0"]
[WhiteCountry "ARG"]
[BlackCountry "GER"]
[WhiteElo "1760"]
[WhiteRD "50"]
[BlackElo "1377"]
[BlackRD "68"]
[GameID "315498"]

1. e4 d5 2. exd5 Nf6 3. d4 Nxd5 4. Nf3 Bg4 5. h3 Bh5 6. c4 Nb6 7. Nc3 e6 8. Be3 Bb4 9. a3 Bxc3+ 10. bxc3 O-O
11. Be2 c6 12. O-O N8d7 13. Ng5 Bxe2 14. Qxe2 h6 15. Ne4 Qe7 16. c5 Nc8 17. Bf4 Re8 18. Nd6 Nxd6 19. Bxd6 Qd8 20. f4 b6
21. Rad1 Nf6 22. Qf3 Nd5 23. c4 Nf6 24. Qxc6 Qd7 25. Qxd7 Nxd7 26. cxb6 axb6 27. Rf3 Ra4 28. c5 bxc5 29. Bxc5 Rea8 30. Bb4 Nf6
31. g3 Nd5 32. Rb3 Rb8 33. Rdb1 Nf6 34. Bc5 Rxb3 35. Rxb3 Nd5 36. Kf2 Kh7 37. Rb7 Kg8 38. Kf3 g6 39. Rb8+ Kg7 40. g4 Nc7
41. Bf8+ Kh7 42. Bd6 Nd5 43. Rb7 Kg8 44. Bc5 Rc4 45. Ke4 Ra4 46. f5 gxf5+ 47. gxf5 Ra6 48. fxe6 fxe6 49. Ke5 Ne3 50. Rb8+ Kf7
51. Rb7+ Kg6 52. Rb3 Nc4+ 53. Kf4 Nd2 54. Rb6 Rxb6 55. Bxb6 Nc4 56. Bc5 Kf6 57. a4 Na5 58. Bb6 Nc6 59. a5 Nb8 60. h4 Na6
61. Bd8+ Kf7 62. h5 Ke8 63. Bb6 Kd7 64. Ke5 Nb4 65. Kf6 Nd5+ 66. Kg6
1-0

[Event "Campeonato de Chile"]
[Site "SchemingMind.com"]
[Date "2012.08.06"]
[Round "-"]
[White "marooned"]
[Black "emvarela"]
[Result "1-0"]
[WhiteCountry "CHI"]
[BlackCountry "ARG"]
[WhiteElo "1970"]
[WhiteRD "93"]
[BlackElo "1738"]
[BlackRD "51"]
[GameID "315499"]

1. d4 Nf6 2. c4 e6 3. Nc3 Bb4 4. Qc2 O-O 5. a3 Bxc3+ 6. Qxc3 b6 7. f3 d5 8. e3 Bb7 9. Bd3 Ba6 10. Ne2 dxc4
11. Bxc4 Bxc4 12. Qxc4 Nbd7 13. O-O c5 14. e4 cxd4 15. Nxd4 Rc8 16. Qe2 Nc5 17. Rd1 Qe7 18. Bg5 h6 19. Bh4 g5 20. Bg3 Rfd8
21. b4 Nb7 22. Bf2 Rd6 23. Nb5 Rxd1+ 24. Rxd1 a5 25. Na7 Rc3 26. Qb2 axb4 27. axb4 Rc4 28. Rd4 Rxd4 29. Bxd4 Ne8 30. Bxb6 Qd6
31. Nc8 Qd7 32. Qc3 Qd1+ 33. Kf2 Qd7 34. Be3 Nbd6 35. Nxd6 Nxd6 36. Qf6 Kh7 37. Bd4 Ne8 38. Qh8+ Kg6 39. Qg8+ Kh5 40. g4+ Kh4
41. Qh8
1-0

[Event "Campeonato de Chile"]
[Site "SchemingMind.com"]
[Date "2012.08.06"]
[Round "-"]
[White "Olli Ylönen"]
[Black "emvarela"]
[Result "1/2-1/2"]
[WhiteCountry "FIN"]
[BlackCountry "ARG"]
[WhiteElo "1862"]
[WhiteRD "57"]
[BlackElo "1761"]
[BlackRD "48"]
[GameID "315500"]

1. e4 e5 2. Nf3 Nc6 3. Bb5 a6 4. Bxc6 dxc6 5. O-O Bd6 6. d4 exd4 7. Qxd4 f6 8. Be3 Ne7 9. Nbd2 O-O 10. Nc4 Be6
11. Nxd6 Qxd6 12. Rfd1 Qxd4 13. Nxd4 Bf7 14. Bf4 Rac8 15. Nf3 Ng6 16. Bg3 Rfe8 17. Nd2 Red8 18. f3 Rd7 19. Nf1 Rcd8 20. Rxd7 Rxd7
21. b3 h5 22. Ne3 Ne7 23. Rd1 Rxd1+ 24. Nxd1 g5 25. Bxc7 b5 26. Bd8 Kf8 27. Bxe7+ Kxe7 28. Ne3 Be6 29. Kf2 Kd6 30. h3 c5
31. Nd1 f5 32. exf5 Bxf5 33. Ne3 Bg6 34. Kg3 Ke5 35. c3 Bb1 36. a3 Ba2 37. b4 cxb4 38. axb4 Be6 39. h4 gxh4+ 40. Kxh4 Kf4
41. Nc2 Bf7 42. g4 hxg4 43. fxg4 Bg6 44. Ne1 Ke3 45. Kg5 Be4 46. Kf6 Kd2 47. Ke5 Bb1 48. Kd4 Kxe1 49. c4 bxc4 50. Kxc4 Ke2
51. b5 axb5+ 52. Kxb5 Ke3=
1/2-1/2

[Event "Campeonato de Chile"]
[Site "SchemingMind.com"]
[Date "2012.08.09"]
[Round "-"]
[White "kubinet"]
[Black "emvarela"]
[Result "0-1"]
[WhiteCountry "GER"]
[BlackCountry "ARG"]
[WhiteElo "1369"]
[WhiteRD "72"]
[BlackElo "1767"]
[BlackRD "50"]
[GameID "315501"]

1. e4 e5 2. Nf3 Nc6 3. Bb5 a6 4. Ba4 Nf6 5. O-O Be7 6. Re1 b5 7. Bb3 O-O 8. c3 d5 9. exd5 Nxd5 10. Nxe5 Nxe5
11. Rxe5 c6 12. d4 Bd6 13. Re1 Qh4 14. g3 Qh3 15. Be3 Bg4 16. Qd3 Rae8 17. Nd2 Re6 18. Qf1 Qh5 19. Bxd5 cxd5 20. a4 Bh3
21. Qd3 b4 22. c4 Bf5 23. Qe2 Qxe2 24. Rxe2 Bd3 25. Ree1 dxc4 26. Rec1 Rc8 27. Nf3 b3 28. Ne1 Rc7 29. Rd1 Bb4 30. Nxd3 cxd3
31. Rxd3 a5 32. Rxb3 f6 33. Rc1 Rxc1+ 34. Bxc1 Re1+ 35. Kg2 Rxc1 36. Kf3 Rd1 37. Ke3 Ra1 38. d5 Re1+ 39. Kd3 Rd1+ 40. Ke4 Rd2
41. Rd3 Rxf2 42. d6 Bxd6 43. Rxd6 Rxb2 44. h4 Ra2 45. Rd4 Kf7 46. Kf4 h5 47. g4 hxg4 48. Kxg4 Rb2 49. Rf4 Rb4 50. h5 Ke6
51. Rxb4 axb4 52. a5 b3 53. a6 b2 54. a7 b1=Q 55. a8=Q Qg1+ 56. Kf4 Qf2+ 57. Qf3 Qxf3+ 58. Kxf3 Kf5
0-1

[Event "Campeonato de Chile"]
[Site "SchemingMind.com"]
[Date "2012.08.09"]
[Round "-"]
[White "krzysztof"]
[Black "marooned"]
[Result "0-1"]
[WhiteCountry "POL"]
[BlackCountry "CHI"]
[WhiteElo "1569"]
[WhiteRD "70"]
[BlackElo "1951"]
[BlackRD "87"]
[GameID "315521"]

1. c4 Nf6 2. Nc3 e6 3. Nf3 Bb4 4. a3 Bxc3 5. bxc3 b6 6. a4 Bb7 7. Ba3 d6 8. e3 O-O 9. Bd3 e5 10. Bc2 Nbd7
11. d4 c5 12. d5 e4 13. Ng5 Re8 14. O-O h6 15. Nh3 Ne5 16. Qe2 Ba6 17. Bb3 Nxd5 18. Qd2 Nf6 19. f4 exf3 20. gxf3 Nxc4
21. Bxc4 Bxc4 22. Rf2 d5 23. Rg2 Kh8 24. e4 dxe4 25. fxe4 Nxe4 26. Qf4 Qd3 27. Nf2 Nxf2 28. Rxf2 Qxc3 29. Bb2 Re1+ 30. Rxe1 Qxe1+
31. Kg2 Bd5+ 32. Kh3 Qe6+ 33. Kg3 Qg6+ 34. Qg4 Qxg4+ 35. Kxg4 Re8 36. h4 Re4+ 37. Rf4 Re2 38. Bc3 Kh7 39. Kg3 Re3+ 40. Kf2 Rxc3
41. Ke2 Rc4 42. Rxc4 Bxc4+ 43. Kd2 Kg6 44. Kc3 Kh5 45. Kxc4 Kxh4 46. Kb5 g5 47. Ka6 c4 48. Kxa7 c3 49. Kxb6 c2 50. a5 c1=Q
51. a6 Qb2+ 52. Ka7 f5 53. Ka8 Qh8+ 54. Ka7 Qg7+ 55. Ka8 f4
0-1

[Event "Campeonato de Chile"]
[Site "SchemingMind.com"]
[Date "2012.08.06"]
[Round "-"]
[White "krzysztof"]
[Black "emvarela"]
[Result "0-1"]
[WhiteCountry "POL"]
[BlackCountry "ARG"]
[WhiteElo "1587"]
[WhiteRD "70"]
[BlackElo "1743"]
[BlackRD "47"]
[GameID "315522"]

1. c4 Nf6 2. Nc3 e5 3. Nb5 Nc6 4. d4 exd4 5. e3 dxe3 6. Bxe3 Bb4+ 7. Bd2 Bxd2+ 8. Qxd2 O-O 9. Nf3 Re8+ 10. Be2 a6
11. Nc3 d6 12. O-O Be6 13. Ng5 h6 14. Nge4 Nxe4 15. Nxe4 Bxc4 16. Bxc4 Rxe4 17. Qd5 Qe7 18. Bb3 Re2 19. Rab1 Re8 20. h3 Qf6
21. Ba4 R8e5 22. Qb3 b5 23. Qc3 bxa4 24. Qxc6 Rc5 25. Qxa6 Rcc2 26. Qa7 Rxb2 27. Rxb2 Rxb2 28. Qxa4 c5 29. Qc4 Qe6 30. Qxe6 fxe6
31. Rd1 d5 32. Re1 Kf7 33. Ra1 c4 34. Kf1 c3 35. Ke1 d4 36. a4 d3 37. Kd1 Rxf2 38. Ra3 Rf1#
0-1

[Event "Campeonato de Chile"]
[Site "SchemingMind.com"]
[Date "2012.08.04"]
[Round "-"]
[White "krzysztof"]
[Black "Olli Ylönen"]
[Result "0-1"]
[WhiteCountry "POL"]
[BlackCountry "FIN"]
[WhiteElo "1563"]
[WhiteRD "75"]
[BlackElo "1893"]
[BlackRD "56"]
[GameID "315523"]

1. c4 g6 2. Nc3 Bg7 3. Nf3 d6 4. d4 Nf6 5. e4 O-O 6. Bd3 e5 7. d5 a5 8. Be3 Nbd7 9. Qd2 b6 10. Bh6 Nc5
11. Bc2 Bg4 12. Bxg7 Kxg7 13. O-O-O a4 14. a3 Qb8 15. h3 Bxf3 16. gxf3 Ra5 17. Qg5 Nb3+ 18. Bxb3 axb3 19. h4 h5 20. f4 exf4
21. Qxf4 Ng4 22. Rd2 Rc5 23. Rd4 Ne5 24. Kd2 Nxc4+ 25. Kc1 Qa7 26. Qg3 Nxa3 27. bxa3 Qxa3+ 28. Kd2 Qb2+ 29. Kd1 Qc2+ 30. Ke1 Rxc3
31. Rd2 b2 32. Ke2 Qxe4+ 33. Qe3 Rxe3+ 34. fxe3 Qxh1 35. Rxb2 Qg2+ 36. Kd3 Qxb2
0-1

[Event "Campeonato de Chile"]
[Site "SchemingMind.com"]
[Date "2012.08.09"]
[Round "-"]
[White "krzysztof"]
[Black "kubinet"]
[Result "1-0"]
[WhiteCountry "POL"]
[BlackCountry "GER"]
[WhiteElo "1587"]
[WhiteRD "70"]
[BlackElo "1415"]
[BlackRD "50"]
[GameID "315524"]

1. c4 Nf6 2. Nc3 e6 3. e4 d5 4. e5 d4 5. Nb5 Nfd7 6. Nf3 Bc5 7. Nbxd4 O-O 8. Nb3 Be7 9. d4 b6 10. Qc2 Bb7
11. Bd3 h6 12. Bh7+ Kh8 13. Bd3 c5 14. Bf4 Nc6 15. a3 cxd4 16. Be4 Bc5 17. O-O-O Qc7 18. Nfxd4 Nxd4 19. Qd3 Nxb3+ 20. Kb1 Bxe4
21. Qxe4 Bxf2 22. Rhf1 Bc5 23. Rf3 Na5 24. Rh3 Kg8 25. Bxh6 Nxe5 26. Bxg7
1-0

[Event "Campeonato de Chile"]
[Site "SchemingMind.com"]
[Date "2012.08.09"]
[Round "-"]
[White "marooned"]
[Black "krzysztof"]
[Result "1-0"]
[WhiteCountry "CHI"]
[BlackCountry "POL"]
[WhiteElo "1964"]
[WhiteRD "74"]
[BlackElo "1608"]
[BlackRD "75"]
[GameID "315526"]

1. d4 d6 2. c4 g6 3. Nc3 Nf6 4. e4 Na6 5. Nf3 Bg4 6. Be2 Bg7 7. O-O c5 8. d5 Qb6 9. Bd2 Qxb2 10. Rb1 Qa3
11. Nb5 Qxa2 12. Ra1 Qb2 13. Bc3 Qxa1 14. Bxa1 O-O 15. h3 Bd7 16. e5 dxe5 17. Nxe5 e6 18. Nxd7 Nxd7 19. dxe6 Bxa1 20. Qxa1 fxe6
21. Bf3 Rf4 22. Bxb7 Raf8 23. Bxa6 Ne5 24. Qxe5 R8f6 25. Qxc5 g5 26. Qxg5+ Kh8 27. Rd1 Rg6 28. Qxf4
1-0

[Event "Campeonato de Chile"]
[Site "SchemingMind.com"]
[Date "2012.08.06"]
[Round "-"]
[White "emvarela"]
[Black "krzysztof"]
[Result "1-0"]
[WhiteCountry "ARG"]
[BlackCountry "POL"]
[WhiteElo "1757"]
[WhiteRD "48"]
[BlackElo "1574"]
[BlackRD "72"]
[GameID "315527"]

1. e4 e5 2. Nf3 Nc6 3. Bb5 a6 4. Bxc6 bxc6 5. O-O d6 6. d4 Bg4 7. dxe5 Bxf3 8. Qxf3 Qe7 9. exd6 cxd6 10. Bf4 Nf6
11. e5 dxe5 12. Qxc6+ Qd7 13. Qxa8+ Qd8 14. Qxd8+ Kxd8 15. Bxe5 Bc5 16. Bxf6+ gxf6 17. Rd1+ Ke7 18. Nc3 Rb8 19. Ne4 Ba7 20. b3 Rc8
21. c4 a5 22. Rd5 a4 23. Nd6 Rxc4 24. Nxc4 axb3 25. Re1+ Kf8 26. axb3 Kg7 27. Re7 Bb8 28. Rdd7 Be5 29. Nxe5 fxe5 30. Rxf7+
1-0

[Event "Campeonato de Chile"]
[Site "SchemingMind.com"]
[Date "2012.08.05"]
[Round "-"]
[White "Olli Ylönen"]
[Black "krzysztof"]
[Result "1-0"]
[WhiteCountry "FIN"]
[BlackCountry "POL"]
[WhiteElo "1847"]
[WhiteRD "53"]
[BlackElo "1587"]
[BlackRD "70"]
[GameID "315528"]

1. e4 e5 2. Nf3 Nc6 3. d4 exd4 4. Nxd4 Bb4+ 5. c3 Bd6 6. Bc4 Qh4 7. Qf3 Nf6 8. Nf5 Qg4 9. Qxg4 Nxg4 10. Nxg7+ Kf8
11. Nf5 Nce5 12. Nxd6 cxd6 13. Bd5 Rb8 14. Nd2 b5 15. O-O Ba6 16. b4 Nd3 17. h3 Nge5 18. f4 Ng6 19. g3 Rg8 20. Kh2 h5
21. Nf3 Bb7 22. Bxb7 Rxb7 23. f5 Nge5 24. Nxe5 dxe5 25. Bh6+ Ke7 26. Rad1 Nb2 27. f6+ Ke6 28. Rd5 Na4 29. Rc1 Rc7 30. Bd2 Rg6
31. Rxb5 Nb6 32. Rxe5+ Kxe5 33. Bf4+ Kxe4 34. Bxc7 Rxf6 35. Kg2 Nc4 36. h4 Ne3+ 37. Kg1 Rc6 38. Bf4 Nd5 39. Re1+ Kf5 40. Re5+ Kf6
41. Rxd5 Rxc3 42. Be5+ Ke6 43. Bxc3 Kxd5 44. Kf2 Ke4 45. a4 d5 46. Be1 f5 47. b5 f4 48. gxf4 Kxf4 49. a5 Ke5 50. b6 axb6
51. a6 Kd6 52. a7 Kc7 53. a8=Q b5 54. Qxd5 b4 55. Bxb4 Kc8 56. Qxh5 Kc7 57. Qg6 Kd7 58. h5 Kc8 59. h6 Kd7 60. h7 Kc7
61. h8=Q Kd7 62. Qd6#
1-0

[Event "Campeonato de Chile"]
[Site "SchemingMind.com"]
[Date "2012.08.09"]
[Round "-"]
[White "kubinet"]
[Black "krzysztof"]
[Result "0-1"]
[WhiteCountry "GER"]
[BlackCountry "POL"]
[WhiteElo "1454"]
[WhiteRD "44"]
[BlackElo "1574"]
[BlackRD "72"]
[GameID "315529"]

1. e4 e5 2. Nf3 Bc5 3. c3 Nc6 4. d4 exd4 5. cxd4 Bb6 6. Be3 d5 7. e5 h6 8. Bd3 Be6 9. O-O g6 10. a3 h5
11. h3 Nh6 12. Bg5 Qd7 13. Be3 O-O-O 14. Kh2 Nf5 15. Bb5 Nxe3 16. fxe3 a6 17. Ba4 Rdg8 18. Ng5 Nxe5 19. Bxd7+ Bxd7 20. dxe5 Be6
21. Nxf7 Bxf7 22. Rxf7 g5 23. Qxd5 g4
0-1

[Event "Campeonato de Chile"]
[Site "SchemingMind.com"]
[Date "2012.08.09"]
[Round "-"]
[White "ampp"]
[Black "marooned"]
[Result "0-1"]
[WhiteCountry "POR"]
[BlackCountry "CHI"]
[WhiteElo "1280"]
[WhiteRD "81"]
[BlackElo "1941"]
[BlackRD "83"]
[GameID "315543"]

1. e4 d6 2. d4 g6 3. Nf3 Bg7 4. Bb5+ c6 5. Ba4 Nf6 6. O-O O-O 7. h3 b5 8. Bb3 Nbd7 9. Nbd2 Bb7 10. Ng5 a5
11. Nxf7 Rxf7 12. Bxf7+ Kxf7 13. a3 e5 14. dxe5 dxe5 15. Nf3 h6 16. Bd2 Nxe4 17. c3 Nxd2 18. Qxd2 Qe7 19. Rfe1 Rd8 20. Qe2 c5
21. b4 cxb4 22. Nd2 bxc3 23. Nb3 b4 24. a4 h5 25. Nxa5 Ba8 26. Nc4 Qc5 27. a5 Kg8 28. Qe4 Bxe4
0-1

[Event "Campeonato de Chile"]
[Site "SchemingMind.com"]
[Date "2012.08.09"]
[Round "-"]
[White "ampp"]
[Black "emvarela"]
[Result "0-1"]
[WhiteCountry "POR"]
[BlackCountry "ARG"]
[WhiteElo "1256"]
[WhiteRD "69"]
[BlackElo "1743"]
[BlackRD "47"]
[GameID "315544"]

1. e4 e5 2. Nf3 Nc6 3. Bb5 a6 4. Bxc6 dxc6 5. O-O Bd6 6. d4 exd4 7. Nxd4 f6 8. Nc3 g6 9. Re1 Ne7 10. Bh6 Be5
11. Bg7 Rg8 12. Bh6 Bxd4 13. Be3 Bxc3 14. Qxd8+ Kxd8 15. bxc3 Be6 16. a3 Nc8 17. Rab1 b5 18. h3 Ke7 19. Bc5+ Kf7 20. Rbd1 Ne7
21. Bxe7 Kxe7 22. f3 Rad8 23. Rxd8 Rxd8 24. e5 fxe5 25. Kf2 Rd2+ 26. Kg3 Rxc2 27. Rxe5 Rxc3 28. Kf4 Rxa3 29. g4 Kd6 30. Re4 Ra4
0-1

[Event "Campeonato de Chile"]
[Site "SchemingMind.com"]
[Date "2012.08.09"]
[Round "-"]
[White "ampp"]
[Black "Olli Ylönen"]
[Result "1-0"]
[WhiteCountry "POR"]
[BlackCountry "FIN"]
[WhiteElo "1265"]
[WhiteRD "88"]
[BlackElo "1863"]
[BlackRD "56"]
[GameID "315545"]

1. d4 Nf6 2. c4 g6 3. Nf3 Bg7 4. Nc3 O-O 5. e4 d6 6. Bd3 e5 7. dxe5 dxe5 8. h3 Nc6 9. O-O b6 10. Nd5 Bb7
11. a3 Nd4 12. Nxd4 exd4 13. Bf4 c5 14. e5 Nxd5 15. cxd5 Qxd5 16. f3 Bxe5 17. Be4 Qe6 18. Bxb7 Bxf4 19. Bxa8 Be3+ 20. Kh1 Rxa8
21. Re1 Rd8 22. b4 Qc4 23. bxc5 bxc5 24. a4 f5 25. Rxe3
1-0

[Event "Campeonato de Chile"]
[Site "SchemingMind.com"]
[Date "2012.08.09"]
[Round "-"]
[White "ampp"]
[Black "krzysztof"]
[Result "0-1"]
[WhiteCountry "POR"]
[BlackCountry "POL"]
[WhiteElo "1231"]
[WhiteRD "83"]
[BlackElo "1624"]
[BlackRD "77"]
[GameID "315546"]

1. e4 e5 2. Nf3 Nc6 3. Bb5 Bd6 4. Bxc6 dxc6 5. O-O Nh6 6. d3 Bg4 7. h3 Bh5 8. Bg5 f6 9. Bxh6 gxh6 10. Nbd2 Qe7
11. Re1 Rg8 12. g4 Bc5 13. Rf1 Qe6 14. a3 Bxg4
0-1

[Event "Campeonato de Chile"]
[Site "SchemingMind.com"]
[Date "2012.08.09"]
[Round "-"]
[White "ampp"]
[Black "kubinet"]
[Result "0-1"]
[WhiteCountry "POR"]
[BlackCountry "GER"]
[WhiteElo "1256"]
[WhiteRD "69"]
[BlackElo "1415"]
[BlackRD "50"]
[GameID "315547"]

1. e4 c5 2. Nf3 d6 3. Bb5+ Bd7 4. Bxd7+ Qxd7 5. O-O g6 6. d4 cxd4 7. Nxd4 Bg7 8. Bg5 Nf6 9. Nc3 O-O 10. Re1 Nc6
11. Nxc6 bxc6 12. e5 dxe5 13. Qxd7 Nxd7 14. Bxe7 Rfe8 15. Bh4 Rab8 16. Rab1 Nb6 17. Ne4 Re6 18. Rbd1 Nd5 19. c4 Ne7 20. Bxe7 Rxe7
21. h3 Rxb2 22. Rd8+ Bf8 23. Nf6+ Kg7 24. Ne4 Rxa2 25. Nc3 Rc2 26. Ne4 Rb7 27. Nd6 Bxd6 28. Rxd6 Rxc4 29. Rxe5 Rb5 30. Rxc6 Rb1+
0-1

[Event "Campeonato de Chile"]
[Site "SchemingMind.com"]
[Date "2012.08.09"]
[Round "-"]
[White "marooned"]
[Black "ampp"]
[Result "1-0"]
[WhiteCountry "CHI"]
[BlackCountry "POR"]
[WhiteElo "1941"]
[WhiteRD "83"]
[BlackElo "1280"]
[BlackRD "81"]
[GameID "315549"]

1. d4 d5 2. c4 e6 3. Nc3 dxc4 4. e3 Nf6 5. Bxc4 c5 6. Nf3 cxd4 7. exd4 Nc6 8. O-O Be7 9. Bf4 O-O 10. a3 a6
11. Rc1 b5 12. Bd3 h6 13. Ne4 Bb7 14. Nc5 Bxc5 15. dxc5 Nd5 16. Bg3 Re8 17. Ne5 f6 18. Ng6 Nce7 19. Bd6 Qd7 20. Qh5 Nxg6
21. Qxg6 Nf4 22. Qh7+ Kf7 23. Bxf4 Rh8 24. Qg6+ Kg8 25. Rfd1 Qf7 26. Qxf7+ Kxf7 27. c6 Bc8 28. Be4 a5 29. c7 g5 30. Bxa8
1-0

[Event "Campeonato de Chile"]
[Site "SchemingMind.com"]
[Date "2012.08.09"]
[Round "-"]
[White "emvarela"]
[Black "ampp"]
[Result "1-0"]
[WhiteCountry "ARG"]
[BlackCountry "POR"]
[WhiteElo "1743"]
[WhiteRD "47"]
[BlackElo "1256"]
[BlackRD "69"]
[GameID "315550"]

1. e4 d6 2. d4 Nf6 3. Nc3 g6 4. f4 Bg7 5. Nf3 O-O 6. Bd3 b6 7. a3 c5 8. dxc5 bxc5 9. Be3 Nc6 10. h3 Rb8
11. Rb1 e5 12. fxe5 dxe5 13. Bxc5 Re8 14. O-O Be6 15. Ng5 Bd7 16. Bc4 Be6 17. Bxe6 Qxd1 18. Bxf7+ Kh8 19. Rfxd1 Red8 20. Rxd8+ Nxd8
21. Bb3 a6 22. Nd5 h6 23. Nxf6 Bxf6 24. Nf7+ Nxf7 25. Bxf7 Rc8 26. b4 Kg7 27. Bd5 g5 28. g4 a5 29. Rd1 axb4 30. axb4 Kg6
31. Be6 Re8 32. Bf5+ Kf7 33. Rd7+ Be7 34. Rxe7+ Rxe7 35. Bxe7 Kxe7 36. c4 Kd6 37. Kf2 Kc6 38. Ke3 Kb6 39. c5+
1-0

[Event "Campeonato de Chile"]
[Site "SchemingMind.com"]
[Date "2012.08.09"]
[Round "-"]
[White "Olli Ylönen"]
[Black "ampp"]
[Result "1-0"]
[WhiteCountry "FIN"]
[BlackCountry "POR"]
[WhiteElo "1863"]
[WhiteRD "56"]
[BlackElo "1265"]
[BlackRD "88"]
[GameID "315551"]

1. e4 e5 2. Nf3 Nf6 3. Nc3 d5 4. exd5 Nxd5 5. Nxe5 Nxc3 6. dxc3 Qxd1+ 7. Kxd1 Bd6 8. Nc4 Nc6 9. Nxd6+ cxd6 10. Be3 O-O
11. b4 h6 12. b5 Na5 13. a4 b6 14. Bd3 a6 15. c4 axb5 16. cxb5 Bb7 17. Rg1 Rfe8 18. Bxb6 d5 19. Bxa5 Rxa5 20. Kd2 d4
21. f4 Re3 22. g3 Be4 23. Bxe4 Rxe4 24. Rge1 Rxe1 25. Kxe1 f5 26. b6
1-0